Using UML software engineering with object and components (Record no. 176572)

000 -LEADER
fixed length control field 00421nam a2200145Ia 4500
008 - FIXED-LENGTH DATA ELEMENTS--GENERAL INFORMATION
fixed length control field 220217s9999||||xx |||||||||||||| ||und||
020 ## - INTERNATIONAL STANDARD BOOK NUMBER
International Standard Book Number 81-317-1493-4
082 ## - DEWEY DECIMAL CLASSIFICATION NUMBER
Classification number 004.67 STE
100 ## - MAIN ENTRY--PERSONAL NAME
Personal name Stevens, Perdita
9 (RLIN) 5558
245 #0 - TITLE STATEMENT
Title Using UML software engineering with object and components
250 ## - EDITION STATEMENT
Edition statement 2nd
260 ## - PUBLICATION, DISTRIBUTION, ETC.
Place of publication, distribution, etc. Pearson education asia
Name of publisher, distributor, etc. New Delhi
Date of publication, distribution, etc. 2007
300 ## - PHYSICAL DESCRIPTION
Other physical details 225
650 ## - SUBJECT ADDED ENTRY--TOPICAL TERM
Topical term or geographic name entry element PROGRAMMING LANGUAGE
Holdings
Withdrawn status Lost status Damaged status Not for loan Collection code Home library Current library Shelving location Date acquired Full call number Barcode Date last seen Price effective from Koha item type
        Computer Science and Engineering Central Library Central Library Book Cart 02/18/2022 004.67 STE 11761 02/18/2022 02/18/2022 Books

Powered by Koha